000
00358nam a2200157Ia 4500
008
210716s2008 xx 000 0 und d
020
_a
05425778
041
_a
eng
082
_a
374.22 MANO
100
_a
Mathew, K M.
245
_a
Manorama yearbook 2008.
250
_a
1
260
_a
Bangalore
_c
2008
300
_a
1040
650
_a
General Management
999
_c
202173
_d
202173